000 00533nam a22001937a 4500
005 20250530172919.0
010 _aENG-145072
020 _c599.00
_a9789384061401
035 _aEN-128604
037 _bDBAD
082 _a338.95483
100 _aMashuwala's, Gaurav
_981498
245 _aYogic Wealth:
_bThe Wealth That Gives Bliss!/
_cGaurav Mashuwala's
250 _a1
260 _bTV 18 Broadcast Ltd
_a2015
_cMumbai
270 _bMumbai
300 _a201p.
_c24cm(hb)
942 _2ddc
_cEN
_h338.95483
_mMAS
999 _c211476
_d211476